| 000 | 01264nam a22003737a 4500 | ||
|---|---|---|---|
| 003 | CHAP | ||
| 005 | 20220817040958.0 | ||
| 008 | 971013s1990 r 00010 d | ||
| 010 | _a3888 | ||
| 011 | _a4860 | ||
| 035 | _a4064 | ||
| 040 | _cCHAP | ||
| 090 | _aFolleto 13634 | ||
| 100 | 0 | 0 |
_aVázquez Alvarado, Jorge Miguel Paulino. _9120300 |
| 245 | _aGuía para cultivar asociación maíz frijol en la parte alta del estado de Morelos | ||
| 260 |
_aZacatepec, Mor. : _bINIFAP. Centro de Investigaciones Forestales y Agropecuarias, _c1990 |
||
| 300 | _a15 p | ||
| 490 |
_aFolleto para productores _v; 16 |
||
| 500 | _aD51-215 | ||
| 590 |
_aBATCH-UPD _b10 _c20130109 _lUCH01 _h2346 |
||
| 590 |
_aBATCH-UPD _b10 _c20130110 _lUCH01 _h1734 |
||
| 590 |
_aBATCH-UPD _b10 _c20130409 _lUCH01 _h1916 |
||
| 590 |
_aBATCH-UPD _b10 _c20130410 _lUCH01 _h1114 |
||
| 590 |
_aBATCH-UPD _b10 _c20130914 _lUCH01 _h1124 |
||
| 590 |
_aCONVERSION _b10 _c20130109 _lUCH01 _h1303 |
||
| 650 | 1 | 4 |
_aCultivos asociados. _930370 |
| 650 | 1 | 4 |
_aFrijol _xMorelos. _943409 |
| 650 | 1 | 4 |
_aMaíz _xMorelos. _971022 |
| 700 | 0 |
_aAmbriz Cervantes, Rafael. _95193 |
|
| 830 | 0 |
_aFolleto para productores _v; 16 |
|
| 901 | _aBK | ||
| 942 | _cFOLL | ||
| 949 |
_aFolleto 12634 _bBC _cFOLL _d-13595 _eTS1 _i4064 _si |
||
| 999 |
_c3888 _d3888 |
||